书目信息 |
| 题名: |
解析几何
|
|
| 作者: | 周建伟 著 | |
| 分册: | ||
| 出版信息: | 北京 高等教育出版社 2005.05 |
|
| 页数: | 255页 | |
| 开本: | 23cm | |
| 丛书名: | ||
| 单 册: | ||
| 中图分类: | O182-43 | |
| 科图分类: | ||
| 主题词: | 解析几何--jie xi ji he--高等学校--教材 | |
| 电子资源: | ||
| ISBN: | 7-04-016475-2 | |
| 000 | 00830nam0 2200241 450 | |
| 001 | 012006223641 | |
| 005 | 20061018093707.23 | |
| 010 | @a7-04-016475-2@dCNY19.30 | |
| 100 | @a20060727d2005 km y0chiy0120 ea | |
| 101 | 0 | @achi |
| 102 | @aCN@b110000 | |
| 105 | @aa z 001yy | |
| 200 | 1 | @a解析几何@Ajie xi ji he@f周建伟@Fzhou jian wei |
| 210 | @a北京@c高等教育出版社@d2005.05 | |
| 215 | @a255页@c图@d23cm | |
| 300 | @a普通高等教育"十五"国家级规划教材 | |
| 320 | @a有索引。 | |
| 330 | @a全书共六章,前四章介绍矢量运算、空间直线与平面、常见曲面及二次曲线的一般理论等内容,第五章介绍平面上的正交变换与仿射变换及它们的应用,第六章介绍平面双曲几何。 | |
| 606 | 0 | @a解析几何@Ajie xi ji he@x高等学校@j教材 |
| 690 | @aO182-43@v4 | |
| 701 | 0 | @a周建伟@Azhou jian wei@4著 |
| 801 | 0 | @aCN@c20061018 |
| 905 | @a10447@dO182-43@eZ777 | |
| 解析几何/周建伟.-北京:高等教育出版社,2005.05 |
| 255页:图;23cm |
| 普通高等教育"十五"国家级规划教材 |
| ISBN 7-04-016475-2:CNY19.30 |
| 全书共六章,前四章介绍矢量运算、空间直线与平面、常见曲面及二次曲线的一般理论等内容,第五章介绍平面上的正交变换与仿射变换及它们的应用,第六章介绍平面双曲几何。 |
| ● |
| 相关链接 |
|
|
|
正题名:解析几何
索取号:O182-43/Z777
 
预约/预借
| 序号 | 登录号 | 条形码 | 馆藏地/架位号 | 状态 | 备注 |
| 1 | 597607 | 205976078 | 自科库401/401自科库 75排1列3层/ [索取号:O182-43/Z777] | 在馆 | |
| 2 | 597608 | 205976087 | 自科库401/401自科库 75排1列3层/ [索取号:O182-43/Z777] | 在馆 | |
| 3 | 597609 | 205976096 | 自科库401/401自科库 75排1列3层/ [索取号:O182-43/Z777] | 在馆 |